000 00849cam a22001935a 4500
001 L156320
008 120514s1848 xxk f 000 0 eng d
035 _a(Sirsi) u156320
041 0 _aeng
100 1 _aJohnston, Alexander Keith
_d1804-1871
245 0 4 _aThe physical atlas
_ba series of maps & notes illustrating the geographical distribution of natural phenomena [Geology]
_cby Alexander Keith Johnston, based on the Physikalischer Atlas of H. Berghaus, with the co-operation in their several departments of Sir David Brewster ... [et al.]
260 _aEdinburgh
_bBlackwood
_c1848
300 _a1v in various pagings
_c57 cm.
520 _aCover title: The physical atlas of natural phaenomena: geology.
583 _aCondition reviewed
_c20110620
_lcondition level 3
651 4 _aInternational
690 _aGeomatics
_96242
942 _n0
999 _c114180
_d114180